| 000 | 00802nam a2200193Ia 4500 | ||
|---|---|---|---|
| 008 | 151121s9999||||xx |||||||||||||| ||und|| | ||
| 082 | _a814/पंडित | ||
| 082 | _bHNW-10825 | ||
| 100 | _aपंडित नलिनी | ||
| 245 | _aमहाराष्ट्रांतील राष्ट्रवादाचा विकास | ||
| 260 | _b"पंडित नलिनी, मुंबई।" | ||
| 260 | _c-- | ||
| 300 | _a256 | ||
| 600 | _aपंडित नलिनी | ||
| 630 | _aमहाराष्ट्रांतील राष्ट्रवादाचा विकास | ||
| 700 | _aपंडित नलिनी | ||
| 730 | _aमहाराष्ट्रांतील राष्ट्रवादाचा विकास | ||
| 942 | _cBOOK | ||
| 999 |
_c1215874 _d1215871 |
||